| 000 | 00574nam a22002057a 4500 | ||
|---|---|---|---|
| 003 | OSt | ||
| 005 | 20210421074331.0 | ||
| 008 | 210226s2013 ||||| |||| 00| 0 eng d | ||
| 020 | _a9781455723744 | ||
| 040 |
_aeng _beng _cDLC |
||
| 041 | _aeng | ||
| 080 |
_a61 _bM-90 |
||
| 100 |
_9353 _aMovalia,K.Mayur |
||
| 245 |
_aCrush Step 3 CCS: The Ultimate USMLE Step 3 CCS Review _b(Xerox Copy) _c/ by: Saunders Elsevier |
||
| 260 |
_aPhiladelphia _bSaunders Elsevier _c2013 |
||
| 300 | _a296 p. | ||
| 650 | 0 |
_969 _aMedicine |
|
| 653 | _aმედიცინა | ||
| 942 |
_2udc _cBK |
||
| 999 |
_c1758 _d1758 |
||